00252nam a2200097Ia 4500008004100000100001800041245002700059260004200086260000900128999001700137170620s9999 xx 000 0 und d aPruthi- R. K. 0aEducational Psychology bNew Delhi- Discovery Publishing House c2005 c24193d24193